00324nam a2200133Ia 4500003000400000008004100004020002300045040000800068100002000076245004100096260002700137300001500164365001100179LDD181029s9999 xx 000 0 und d a8184042159c350.00 cLDD aPowers, Shelley 0aLearning java scriptcShelley Powers aMumabainbShroffc2006 axiv, 335p. b350.00